| 000 | 01525nam a2200313 4500 | ||
|---|---|---|---|
| 001 | 32 | ||
| 003 | OSt | ||
| 005 | 20250528074010.0 | ||
| 008 | 250121b |||||||j |||| 00| 1 eng d | ||
| 020 | _a9788572326919 | ||
| 040 | _bpor | ||
| 041 |
_heng _apor |
||
| 082 |
_a823 _bA933o |
||
| 100 | 1 |
_aAusten, Jane, _d1775-1817 _992 |
|
| 240 | _aPride and Prejudice | ||
| 245 |
_aOrgulho e Preconceito / _cAusten, Jane ; Tradução Roberto Leal Ferreira |
||
| 260 |
_aSão Paulo _bMartin Claret _c2013 |
||
| 300 | _a382 p. | ||
| 520 | _aOrgulho e preconceito é o livro mais famoso de Jane Austen e possui uma série de personagens inesquecíveis e um enredo memorável. Austen nos apresenta Elizabeth Bennet como heroína irresistível e seu pretendente aristocrático, o sr. Darcy. Nesse livro, aspectos diferentes são abordados: orgulho encontra preconceito, ascendência social confronta desprezo social, equívocos e julgamentos antecipados conduzem alguns personagens ao sofrimento e ao escândalo. O livro pode ser considerado a obra-prima da escritora, que equilibra comédia com seriedade, observação meticulosa das atitudes humanas e sua ironia refinada. A nova coleção possui capa dura e estilo inspirado nos bullet journals. | ||
| 650 | 0 |
_aLiteratura Inglesa _989 |
|
| 650 | 0 |
_aAmor e Paixão _925 |
|
| 650 | 0 |
_aClássicos _977 |
|
| 650 | 0 |
_aHistórico _953 |
|
| 650 | 0 |
_aFilme _926 |
|
| 655 | 0 |
_aRomance _923 |
|
| 655 | 0 |
_aFicção _922 |
|
| 700 |
_aRoberto Leal Ferreira _eTradutor _993 |
||
| 942 |
_2ddc _n0 _cBK |
||
| 999 |
_c32 _d32 |
||